Hospodárska politika na Slovensku 1990-1999

Na minha lista:
Detalhes bibliográficos
Outros Autores: Marcinčin, Anton, Beblavý, Miroslav
Formato: Livro
Idioma:eslovaco
Publicado em: Bratislava Centrum pre spoločenskú a mediálnu analýzu 2000
Assuntos:
Tags: Adicionar Tag
Sem tags, seja o primeiro a adicionar uma tag!

MARC

LEADER 00000nam a2200000 4500
001 c119572
005 20220808073030.4
020 |a 80-968147-1-0 
041 0 |a slo 
044 |a SK 
245 1 0 |a Hospodárska politika na Slovensku 1990-1999  |c Anton Marcinčin a Miroslav Beblavý editori 
264 1 |a Bratislava  |b Centrum pre spoločenskú a mediálnu analýzu  |c 2000 
300 |a 375 s. 
610 2 0 |a politika hospodárska 
610 2 0 |a Slovensko 
610 2 0 |a vývoj hospodársky 
610 2 0 |a politika fiškálna 
610 2 0 |a politika menová 
610 2 0 |a obchod zahraničný 
610 2 0 |a trh práce 
610 2 0 |a zabezpečenie sociálne 
610 2 0 |a priemysel 
610 2 0 |a súťaž hospodárska 
610 2 0 |a privatizácia 
610 2 0 |a reštrukturalizácia 
610 2 0 |a banky 
610 2 0 |a bankovníctvo 
610 2 0 |a 1990-1999 
700 1 |a Marcinčin, Anton 
700 1 |a Beblavý, Miroslav